[Event "Titled Tuesday intern op 26th Sep Late"]
[Site "Chess.com INT"]
[Date "2023.09.26"]
[Round "2"]
[White "Luczak, Filip"]
[Black "Zampronha, Wladimir Camilo"]
[Result "1-0"]
[WhiteElo "2332"]
[BlackElo "2170"]
[PlyCount "57"]
[EventDate "2023.09.26"]
[EventType "swiss (blitz)"]
[EventRounds "11"]
[EventCountry "USA"]
[SourceTitle "EXT 2024"]
[Source "ChessBase"]
[SourceDate "2023.10.10"]
[SourceVersion "1"]
[SourceVersionDate "2023.10.10"]
[SourceQuality "1"]

1. b3 e5 2. Bb2 Nc6 3. e3 d5 4. Bb5 Bd6 5. f4 Qh4+ 6. g3 Qe7 7. Nf3 f6 8. Nc3 Be6 9. 0-0 Nh6 10. fxe5 fxe5 11. d4 e4 12. Ne5 Bxe5 13. dxe5 0-0-0 14. Bxc6 bxc6 15. Qd4 Kb8 16. a4 c5 17. Qd2 Qd7 18. Ba3 Qc6 19. Ne2 Ng4 20. b4 Nxe5 21. bxc5 Nf3+ 22. Rxf3 exf3 23. Nd4 Qa6 24. c6 Bc8 25. Rb1+ Ka8 26. Qb4 Bh3 27. Qb7+ Qxb7 28. cxb7+ Kb8 29. Nc6# 1-0

[Event "Titled Tuesday intern op 26th Sep Late"]
[Site "Chess.com INT"]
[Date "2023.09.26"]
[Round "3"]
[White "Zampronha, Wladimir Camilo"]
[Black "Grinev, Valeriy"]
[Result "0-1"]
[WhiteElo "2170"]
[BlackElo "2418"]
[PlyCount "92"]
[EventDate "2023.09.26"]
[EventType "swiss (blitz)"]
[EventRounds "11"]
[EventCountry "USA"]
[SourceTitle "EXT 2024"]
[Source "ChessBase"]
[SourceDate "2023.10.10"]
[SourceVersion "1"]
[SourceVersionDate "2023.10.10"]
[SourceQuality "1"]

1. e4 c5 2. Nf3 e6 3. d4 cxd4 4. Nxd4 a6 5. Nc3 Qc7 6. Be3 Bb4 7. Bd3 Nf6 8. 0-0 Nc6 9. Nxc6 dxc6 10. f4 e5 11. fxe5 Ng4 12. Qf3 Nxe3 13. Qxe3 Qxe5 14. Qf4 Qxf4 15. Rxf4 Bxc3 16. bxc3 Be6 17. a4 0-0-0 18. a5 Kc7 19. Kf2 f6 20. h4 h6 21. Kg3 Rhe8 22. Ra4 Bc8 23. Rf1 Re5 24. Rfa1 Rc5 25. R1a3 Re8 26. Rd4 Ree5 27. Rda4 h5 28. Kf4 g5+ 29. Kg3 Bg4 30. hxg5 fxg5 31. Kf2 h4 32. Ke3 Bc8 33. Kf2 g4 34. Ke3 h3 35. Kf2 g3+ 36. Kf3 h2 37. Ra1 Rh5 38. Rh1 Rhg5 39. Raa1 Rxc3 40. e5 Rc5 41. Rae1 Rxa5 42. e6 Kd8 43. e7+ Ke8 44. Bc4 Raf5+ 45. Ke3 Re5+ 46. Kd2 Kxe7 0-1